|
|
|
|
| LEADER |
00897cam a2200253 7i4500 |
| 001 |
0000065541 |
| 005 |
20220111090000.0 |
| 020 |
|
|
|a 9781771887441 (hardcover)
|
| 020 |
|
|
|a 9780429433580 (electronic book)
|
| 090 |
0 |
0 |
|a QP171
|b .V65 2019
|
| 245 |
0 |
0 |
|a Volatile organic compound analysis in biomedical diagnosis applications
|c editors, Raquel Cumeras, Xavier Correig.
|
| 264 |
|
|
|a Toronto ; New Jersey:
|b Apple Academic Press,
|c 2019.
|
| 336 |
|
|
|2 rdacontent
|
| 337 |
|
|
|2 rdamedia
|
| 338 |
|
|
|2 rdacarrier
|
| 650 |
0 |
0 |
|a Volatile Organic Compounds --
|x analysis
|
| 650 |
0 |
0 |
|a Metabolomics --
|x methods
|
| 655 |
0 |
0 |
|a Electronic books
|
| 700 |
1 |
|
|a Cumeras, Raquel
|
| 700 |
1 |
|
|a Correig, Xavier
|
| 856 |
4 |
2 |
|u http://library.unisel.edu.my/web/guest/mylibrary
|
| 997 |
|
|
|a Health Sciences, Faculty
|
| 998 |
|
|
|a Biomedical Science, Degree
|
| 999 |
|
|
|a EBO0010245
|b EBOOK
|c EBOOK
|e Electronic resources
|